000 00199 a2200097 4500
020 _a0307602230
041 _aeng
100 _awalt disney productions
245 _amickeys chrismas carol
942 _cK
999 _c30289
_d30287